Graffiti removal and control (Record no. 92691)

MARC details
000 -LEADER
fixed length control field 00634cam a2200217 4500
008 - FIXED-LENGTH DATA ELEMENTS--GENERAL INFORMATION
fixed length control field 090401t1989 xxu||||| |||| 00| 0 eng d
020 ## - INTERNATIONAL STANDARD BOOK NUMBER
International Standard Book Number 0860173070
035 ## - SYSTEM CONTROL NUMBER
System control number (Sirsi) u50323
041 ## - LANGUAGE CODE
Language code of text/sound track or separate title eng
050 ## - LIBRARY OF CONGRESS CALL NUMBER
Classification number 364.164
100 ## - MAIN ENTRY--PERSONAL NAME
Personal name Wallace, J.
245 ## - TITLE STATEMENT
Title Graffiti removal and control
260 ## - PUBLICATION, DISTRIBUTION, ETC.
Place of publication, distribution, etc. London
Name of publisher, distributor, etc. Construction Industry Research and Infor
Date of publication, distribution, etc. 1989
300 ## - PHYSICAL DESCRIPTION
Extent 31p., 2p. of plates : ill. ; 30cm.
350 ## - PRICE (NR) (BK AM CF MU VM SE) [OBSOLETE]
Price 0
490 ## - SERIES STATEMENT
Series statement CIRIA Special Publication
Volume/sequential designation 71
520 ## - SUMMARY, ETC.
Summary, etc. Also published as Department of Education and Science Design Note 48 q.v.
700 ## - ADDED ENTRY--PERSONAL NAME
Personal name Whitehead, C.
942 ## - ADDED ENTRY ELEMENTS (KOHA)
Suppress in OPAC 0
948 ## - LOCAL PROCESSING INFORMATION (OCLC); SERIES PART DESIGNATOR (RLIN)
c (OCLC) 04/03/1997
Holdings
Withdrawn status Lost status Source of classification or shelving scheme Damaged status Not for loan Home library Current library Shelving location Date acquired Total Checkouts Full call number Barcode Date last seen Copy number Price effective from Koha item type
    Dewey Decimal Classification     London London Books 14/09/1999   CIRIA REPORTS 30003942 26/04/2024 1 06/08/2019 Book